000 00442 a2200145 4500
005 20250317141355.0
020 _a978-0-415-99372-2
082 _a371.904 BAG
100 _aBAGLIERI, S.
245 _aDisability Studies and the Inclusive Classroom: Critical Practices for Creating Least Restrictive Attitudes
260 _aNew York,
_bRoutledge,
_c2012.
300 _a282p.
_bIndex, references.
_c23cm.
700 _aSHAPIRO, A.
942 _2ddc
_cBKS
999 _c807
_d807